| 000 | 00950cab a2200253 4500 | ||
|---|---|---|---|
| 001 | ABS45724 | ||
| 008 | 090401t1992 xxu||||| |||| 00| 0 eng d | ||
| 035 | _a(Sirsi) u54761 | ||
| 041 | _aeng | ||
| 100 | _aDyson, H. | ||
| 245 | _aEurope and the environment | ||
| 260 | _c1992 | ||
| 350 | _a0 | ||
| 490 |
_aSolicitors` Journal _v136(2) 17 January 1992, 34-37(2) |
||
| 520 | _aEC environmental policy is embodied in the three key directives discussed here: Directive on the Assessment of the Effects of Certain Public & Private Projects on the Environment; Directive on Civil Liability for Damage caused by Waste; and the Directive on Freedom of Access to Information on the Environment. | ||
| 650 | _aEC DIRECTIVES | ||
| 650 | _aENVIRONMENTAL IMPACT | ||
| 650 | _aENVIRONMENTAL PROTECTION | ||
| 690 | _aENVIRONMENTAL AND LAND CONSULTANCY | ||
| 690 | _aEUROPE-SINGLE MARKET | ||
| 700 | _aDay, M. | ||
| 942 | _n0 | ||
| 948 | _c04/03/1997 | ||
| 999 |
_c33565 _d33565 |
||